| 000 | 00876cab a2200277 4500 | ||
|---|---|---|---|
| 001 | WB3423-05 | ||
| 008 | 090401t1998 xxu||||| |||| 00| 0 eng d | ||
| 035 | _a(Sirsi) u86860 | ||
| 041 | _aeng | ||
| 245 | _aMoD land sell-off | ||
| 260 | _c1998 | ||
| 350 | _a0 | ||
| 490 |
_aNational Audit Office Press Notice _vHC776 17 June 1998 (4) |
||
| 490 |
_aEstates Gazette _v(9825) 20 June 1998, 39 |
||
| 520 | _aThe National Audit Office`s "Identifying and selling surplus property" recommends the MoD reviews its existing estate strategy for disposal of surplus land. | ||
| 650 | _aDEFENCE ESTATE | ||
| 650 | _aDISPOSAL OF LAND | ||
| 650 | _aMOD | ||
| 650 | _aNATIONAL AUDIT OFFICE | ||
| 650 | _aSTRATEGIC DEFENCE REVIEW | ||
| 650 | _aSURPLUS LAND | ||
| 650 | _aSURPLUS PROPERTY | ||
| 690 | _aCOMMERCIAL PROPERTY-MANAGEMENT | ||
| 942 | _n0 | ||
| 948 | _c17/06/1998 | ||
| 999 |
_c54697 _d54697 |
||